[Event "Guernsey Holiday"]
[Site "Guernsey"]
[Date "2009.10.22"]
[Round "5"]
[White "Newrick, William R"]
[Black "Harnden, Terry"]
[Result "1-0"]
[WhiteElo "1347"]
[BlackElo "1442"]
[PlyCount "79"]
[EventDate "2009.10.18"]
[SourceDate "2009.11.17"]

1. d4 Nf6 2. Nf3 e6 3. e3 d5 4. Bd3 Be7 5. O-O O-O 6. c4 b6 7. Nc3 Ba6 8. cxd5
Nxd5 9. Bxa6 Nxa6 10. a3 c5 11. e4 Nxc3 12. bxc3 cxd4 13. cxd4 Nb8 14. Bb2 Nd7
15. e5 Rc8 16. Qb3 Kh8 17. Rac1 Bg5 18. Rxc8 Qxc8 19. Nxg5 h6 20. Rc1 Qb7 21.
Nf3 a5 22. Qc4 Rd8 23. a4 Kg8 24. Ba3 Kh7 25. Qd3+ Kg8 26. Qc2 g6 27. Qc7 Qxc7
28. Rxc7 Nb8 29. g3 Kg7 30. Be7 Re8 31. Bf6+ Kf8 32. Rb7 Na6 33. Rxb6 Nb4 34.
Rb5 Nc6 35. d5 exd5 36. Rxd5 Kg8 37. Nd4 Nxd4 38. Rxd4 Kh7 39. Rd5 Ra8 40. Rd8
1-0

[Event "Guernsey Holiday"]
[Site "Guernsey"]
[Date "2009.10.22"]
[Round "5"]
[White "Bateman, Kerry"]
[Black "Cox, Marian"]
[Result "1-0"]
[WhiteElo "1400"]
[BlackElo "1434"]
[PlyCount "59"]
[EventDate "2009.10.18"]
[SourceDate "2009.11.17"]

1. e4 e5 2. Nf3 Nc6 3. Bc4 Bc5 4. b4 Bxb4 5. c3 Be7 6. d4 exd4 7. O-O d6 8. Qb3
Be6 9. Bxe6 fxe6 10. Qxe6 dxc3 11. Nxc3 Qd7 12. Ng5 Nd8 13. Qc4 c6 14. f4 h6
15. Nf3 Ne6 16. Be3 Nf6 17. h3 b5 18. Qb3 a6 19. Rad1 Qc8 20. e5 dxe5 21. Nxe5
Rf8 22. Qc2 Bc5 23. Qg6+ Ke7 24. Bxc5+ Nxc5 25. Qxg7+ Ke6 26. Rfe1 Rg8 27. Qf7+
Kf5 28. g4+ Kxf4 29. Qxf6+ Kg3 30. Re3# 1-0

[Event "Guernsey Holiday"]
[Site "Guernsey"]
[Date "2009.10.22"]
[Round "5"]
[White "Van Beek, Ronald"]
[Black "Bennett, David"]
[Result "1/2-1/2"]
[WhiteElo "1374"]
[BlackElo "1410"]
[PlyCount "52"]
[EventDate "2009.10.18"]
[SourceDate "2009.11.17"]

1. d4 c5 2. e4 cxd4 3. Qxd4 Nc6 4. Qa4 e5 5. Nf3 Nf6 6. Bd3 Be7 7. O-O O-O 8.
Be3 d6 9. h3 Bd7 10. c3 Nd4 11. Qd1 Ne6 12. Nbd2 a6 13. a4 Bc6 14. Qc2 Nd7 15.
b4 Nf6 16. a5 Qd7 17. Nc4 Bd8 18. Bb6 Nc7 19. Rfd1 Bb5 20. Qb3 Qc6 21. Bxc7
Bxc7 22. Re1 Bxc4 23. Qxc4 Qxc4 24. Bxc4 Rac8 25. Bb3 Bb8 26. c4 h6 1/2-1/2

[Event "Guernsey Holiday"]
[Site "Guernsey"]
[Date "2009.10.22"]
[Round "5"]
[White "Carrick, Peter"]
[Black "Brown, Jim"]
[Result "1/2-1/2"]
[WhiteElo "1522"]
[BlackElo "1378"]
[PlyCount "79"]
[EventDate "2009.10.18"]
[SourceDate "2009.11.17"]

1. d4 d6 2. Nc3 c6 3. e4 e6 4. Nf3 Nd7 5. Be2 Be7 6. O-O e5 7. dxe5 dxe5 8. Be3
Ngf6 9. Bc4 O-O 10. Bg5 h6 11. Bh4 Nh7 12. Bg3 Bf6 13. Qe2 Qe7 14. Rad1 b5 15.
Bd3 a6 16. Qe1 Nc5 17. Nb1 Bg4 18. Nbd2 Bxf3 19. Nxf3 Ng5 20. Qe3 Rad8 21. Ne1
Nge6 22. f3 Ng5 23. Bf2 Nge6 24. Be2 Rxd1 25. Bxd1 Rd8 26. Nd3 Nxd3 27. cxd3
Bg5 28. Qe2 Nf4 29. Qc2 Qe6 30. Qb3 Qxb3 31. Bxb3 Rxd3 32. Rd1 Rxd1+ 33. Bxd1
Nd3 34. b3 Nxf2 35. Kxf2 b4 36. Be2 a5 37. Bc4 Kf8 38. Ke2 Ke7 39. Kd3 f6 40.
Ke2 1/2-1/2

[Event "Guernsey Holiday"]
[Site "Guernsey"]
[Date "2009.10.22"]
[Round "5"]
[White "Kearsley, Raymond J"]
[Black "Herschmann, Heinz"]
[Result "1-0"]
[WhiteElo "1762"]
[BlackElo "1562"]
[PlyCount "69"]
[EventDate "2009.10.18"]
[SourceDate "2009.11.17"]

1. e4 e5 2. Nf3 d6 3. d4 exd4 4. Nxd4 Be7 5. Nc3 Nf6 6. Bg5 Bd7 7. Qd2 Nc6 8.
O-O-O Ne5 9. h3 Ng6 10. Nf5 Bxf5 11. exf5 Ne5 12. f4 Nc6 13. Bb5 Qd7 14. Rde1
O-O-O 15. Bxc6 bxc6 16. Qe3 c5 17. Qxe7 Qxe7 18. Rxe7 Rd7 19. Bxf6 gxf6 20.
Rhe1 Kd8 21. Rxd7+ Kxd7 22. Nd5 Kc6 23. c4 Rd8 24. Re7 Rd7 25. Rxd7 Kxd7 26.
Nxf6+ Ke7 27. Nxh7 f6 28. Kd2 Kf7 29. Ke3 Kg7 30. Nxf6 Kxf6 31. Ke4 c6 32. g4
a5 33. a4 Kf7 34. g5 Kg7 35. h4 1-0

[Event "Guernsey Holiday"]
[Site "Guernsey"]
[Date "2009.10.23"]
[Round "6"]
[White "Gibson, John"]
[Black "Williams, Peter D"]
[Result "1/2-1/2"]
[WhiteElo "1750"]
[BlackElo "1690"]
[PlyCount "163"]
[EventDate "2009.10.18"]
[SourceDate "2009.11.17"]

1. d4 d5 2. Nf3 Nf6 3. e3 g6 4. b3 Bg7 5. Bb2 Bg4 6. h3 Bf5 7. Nbd2 Nbd7 8. g4
Be4 9. Nxe4 Nxe4 10. Bd3 Nd6 11. Qe2 a5 12. a4 c5 13. c4 Qb6 14. dxc5 Qb4+ 15.
Kf1 dxc4 16. Bxc4 Nxc4 17. Bxg7 Rg8 18. Kg2 Rxg7 19. bxc4 Qxc5 20. Rhb1 b6 21.
Rb5 Qc6 22. Kg1 Rc8 23. Rd5 e6 24. Rd2 Qxc4 25. Qxc4 Rxc4 26. Rxd7 Rxg4+ 27.
hxg4 Kxd7 28. Rb1 Kc7 29. Ne5 f5 30. g5 Kd6 31. f4 Rb7 32. Rb5 Rb8 33. Nc4+ Kc7
34. Kf2 Rb7 35. Ke2 Kc6 36. Kd3 Rd7+ 37. Kc3 Rb7 38. Kd3 Rd7+ 39. Ke2 Rb7 40.
Kf3 Kc7 41. e4 Kc6 42. e5 Kc7 43. Ke3 Kc6 44. Kd4 Rd7+ 45. Nd6 h5 46. gxh6 Rh7
47. Nc4 Rxh6 48. Rxb6+ Kd7 49. Rb7+ Kc8 50. Nxa5 Rh4 51. Ke3 Rh3+ 52. Kf2 Rh4
53. Kg3 g5 54. Rb4 Rg4+ 55. Kf3 gxf4 56. Rxf4 Rg1 57. Nc4 Kd7 58. Kf2 Ra1 59.
Kg3 Kc6 60. Nd6 Kd5 61. Nf7 Rg1+ 62. Kf3 Rg7 63. Nd6 Kxe5 64. Nc4+ Kd5 65. a5
Rf7 66. Nb6+ Kc6 67. Nc8 Rf8 68. Rc4+ Kb5 69. Nd6+ Kxa5 70. Kf4 Ka6 71. Rc6+
Ka5 72. Nb7+ Kb5 73. Rxe6 Kb4 74. Nd6 Rd8 75. Kxf5 Kc3 76. Ke4 Kb4 77. Kd4 Kb3
78. Ke3 Kc2 79. Ke2 Kc3 80. Re3+ Kb4 81. Rd3 Rh8 82. Re3 1/2-1/2

[Event "Guernsey Holiday"]
[Site "Guernsey"]
[Date "2009.10.23"]
[Round "6"]
[White "Noordijk, Evert"]
[Black "Hoogakker, Peter"]
[Result "0-1"]
[WhiteElo "1767"]
[BlackElo "1773"]
[PlyCount "126"]
[EventDate "2009.10.18"]
[SourceDate "2009.11.17"]

1. Nf3 Nf6 2. d3 Nc6 3. e4 e5 4. Nbd2 Bc5 5. h3 d6 6. c3 h6 7. Be2 Bb6 8. Qc2
Be6 9. Nf1 d5 10. g4 Qd6 11. Ng3 g5 12. Bd2 O-O-O 13. Nf5 Bxf5 14. gxf5 g4 15.
Nh4 dxe4 16. dxe4 Nxe4 17. Be3 Bxe3 18. fxe3 Ng3 19. Rh2 Nxe2 20. Qxe2 gxh3 21.
e4 Rhg8 22. Nf3 Rg3 23. Rf2 Rdg8 24. Rd1 Qe7 25. Qe3 Rg2 26. Qxh6 Rxf2 27. Kxf2
Qc5+ 28. Ke1 h2 29. Qxh2 Qe3+ 30. Qe2 Qxe2+ 31. Kxe2 Rg2+ 32. Kd3 Rxb2 33. Rd2
Rxd2+ 34. Nxd2 Kd7 35. Kc4 Kd6 36. a4 a6 37. Nb3 b6 38. Nd2 Na5+ 39. Kb4 Nb7
40. Nc4+ Ke7 41. Nxe5 Nd6 42. Nc6+ Ke8 43. a5 Nxe4 44. c4 Nc5 45. Kc3 Kd7 46.
Ne5+ Ke7 47. axb6 cxb6 48. Ng4 Ne4+ 49. Kd4 Nd6 50. Ne3 Kf6 51. Nd5+ Kxf5 52.
Nxb6 Ke6 53. c5 Nb5+ 54. Kc4 f5 55. Nd5 Ke5 56. Nb4 Nc7 57. Kd3 f4 58. c6 a5
59. Nc2 Kd6 60. Nd4 Ne6 61. Nb3 a4 62. Na5 Kd5 63. Ke2 Nd4+ 0-1

[Event "Guernsey Holiday"]
[Site "Guernsey"]
[Date "2009.10.23"]
[Round "6"]
[White "Haisma, Henk"]
[Black "Glover, John"]
[Result "1-0"]
[WhiteElo "1639"]
[BlackElo "1802"]
[PlyCount "93"]
[EventDate "2009.10.18"]
[SourceDate "2009.11.17"]

1. b4 Nf6 2. Bb2 d5 3. Nf3 Bf5 4. e3 h6 5. a3 e6 6. c4 c6 7. Be2 Be7 8. O-O O-O
9. Qb3 Nbd7 10. d3 Ne8 11. Nbd2 Bf6 12. d4 Nd6 13. a4 Ne4 14. Rfd1 Be7 15. c5
Ndf6 16. Ne5 Nxd2 17. Rxd2 Ne4 18. Rdd1 g5 19. f3 Nf6 20. b5 Rb8 21. Qc3 Nd7
22. e4 Bh7 23. Ng4 Kg7 24. e5 Bg6 25. Qe1 h5 26. Nf2 f5 27. g4 fxg4 28. fxg4 h4
29. Nh3 Rf7 30. Bc1 Nxc5 31. Nxg5 Bxg5 32. dxc5 Qe7 33. Qc3 Rbf8 34. Bxg5 Qxg5
35. h3 Be4 36. Rf1 Rxf1+ 37. Rxf1 Rxf1+ 38. Bxf1 Qf4 39. Bg2 Bxg2 40. Kxg2 Qe4+
41. Kf1 d4 42. Qd2 Qxe5 43. Qf2 Qf6 44. Qxf6+ Kxf6 45. a5 e5 46. a6 bxa6 47. b6
1-0

[Event "Guernsey Holiday"]
[Site "Guernsey"]
[Date "2009.10.23"]
[Round "6"]
[White "Veelenturf, Wim"]
[Black "Oxener, Aldo"]
[Result "1-0"]
[WhiteElo "1756"]
[BlackElo "1566"]
[PlyCount "71"]
[EventDate "2009.10.18"]
[SourceDate "2009.11.17"]

1. d4 d5 2. c4 e6 3. Nf3 Nf6 4. g3 c5 5. e3 Nc6 6. a3 Be7 7. Nc3 O-O 8. dxc5
Bxc5 9. b4 Be7 10. c5 a6 11. Bg2 e5 12. Bb2 Bg4 13. Ne2 Qc7 14. h3 Bf5 15. O-O
Rad8 16. Qb3 e4 17. Nfd4 Qc8 18. Nxf5 Qxf5 19. Rad1 g5 20. g4 Qd7 21. Ng3 a5
22. Bxe4 Nxe4 23. Nxe4 f5 24. Ng3 fxg4 25. hxg4 Qxg4 26. Rxd5 Rxd5 27. Qxd5+
Rf7 28. b5 Nd8 29. Kg2 h5 30. Qe4 Bxc5 31. Qe5 Kf8 32. Qxc5+ Ke8 33. Qe5+ Kf8
34. Qh8+ Ke7 35. Qxh5 Qc4 36. Qxg5+ {Remaining moves unreadable, 1-0, 43.} 1-0

[Event "Guernsey Holiday"]
[Site "Guernsey"]
[Date "2009.10.23"]
[Round "6"]
[White "Baart, Edwin"]
[Black "Wallace, Mitchel"]
[Result "1/2-1/2"]
[WhiteElo "1704"]
[BlackElo "1690"]
[PlyCount "74"]
[EventDate "2009.10.18"]
[SourceDate "2009.11.17"]

1. d4 d6 2. Nf3 Nf6 3. Bg5 Nbd7 4. Bxf6 Nxf6 5. e3 Bg4 6. Be2 c6 7. c3 Qc7 8.
Nbd2 e5 9. dxe5 dxe5 10. Qa4 Be7 11. Rd1 O-O 12. O-O b5 13. Qc2 Rfe8 14. Ne4
Bh5 15. Nxf6+ Bxf6 16. e4 Rad8 17. c4 Qb6 18. c5 Qc7 19. b4 Rxd1 20. Rxd1 Rd8
21. a4 bxa4 22. Qxa4 Rxd1+ 23. Qxd1 Kf8 24. Kf1 Bg6 25. Nd2 Qd7 26. f3 Qd4 27.
Nc4 Bg5 28. Qxd4 exd4 29. Na5 Bd2 30. Nxc6 f5 31. Bd3 fxe4 32. fxe4 Be8 33.
Nxa7 Bxb4 34. c6 Ba5 35. Nb5 Bxc6 36. Nxd4 Bd7 37. Ke2 h6 1/2-1/2

[Event "Guernsey Holiday"]
[Site "Guernsey"]
[Date "2009.10.23"]
[Round "6"]
[White "Norman, Dinah M"]
[Black "Onwezen, Eric"]
[Result "1/2-1/2"]
[WhiteElo "1834"]
[BlackElo "1622"]
[PlyCount "42"]
[EventDate "2009.10.18"]
[SourceDate "2009.11.17"]

1. Nf3 d5 2. d4 f5 3. g3 e6 4. Bg2 c6 5. c3 Nf6 6. Ne5 Bd6 7. Nd3 Nbd7 8. Nd2
Qc7 9. f4 Ne4 10. Nf3 b6 11. O-O Ba6 12. Nde5 Bxe5 13. Nxe5 Nxe5 14. fxe5 O-O
15. Be3 Rf7 16. Rc1 Raf8 17. b3 Qe7 18. Bxe4 dxe4 19. Qd2 h6 20. h4 Kh7 21. Rf2
Kg8 1/2-1/2

[Event "Guernsey Holiday"]
[Site "Guernsey"]
[Date "2009.10.23"]
[Round "6"]
[White "Smith, DWF."]
[Black "Kershaw, Graham J"]
[Result "1/2-1/2"]
[WhiteElo "1532"]
[BlackElo "1826"]
[PlyCount "79"]
[EventDate "2009.10.18"]
[SourceDate "2009.11.17"]

1. d4 d5 2. Nf3 e6 3. e3 Nf6 4. Bd3 c5 5. b3 Nbd7 6. Bb2 b6 7. O-O Bb7 8. Nbd2
Be7 9. Re1 O-O 10. Ne5 Nxe5 11. dxe5 Nd7 12. Qh5 h6 13. f4 f6 14. Qg6 f5 15.
Qxe6+ Rf7 16. Qg6 Nf8 17. Qh5 Qd7 18. Nf3 Rb8 19. Qh3 b5 20. Rad1 g6 21. Qg3
Kh7 22. h4 Ne6 23. Kf2 Ba6 24. Ba1 c4 25. Be2 Nc5 26. Qh3 Ne4+ 27. Kg1 Bb4 28.
Rf1 Rb6 29. Nd4 Rf8 30. Bf3 Qf7 31. Bxe4 dxe4 32. Ne2 Rc6 33. c3 Bc5 34. b4 Be7
35. Nd4 Rcc8 36. Rd2 Qg7 37. Rfd1 Qg8 38. Qg3 Bb7 39. Qf2 a5 40. a3 1/2-1/2

[Event "Guernsey Holiday"]
[Site "Guernsey"]
[Date "2009.10.23"]
[Round "6"]
[White "Ruigrok, Jacques"]
[Black "Beadle, John"]
[Result "1/2-1/2"]
[WhiteElo "1794"]
[BlackElo "1650"]
[PlyCount "44"]
[EventDate "2009.10.18"]
[SourceDate "2009.11.17"]

1. e4 c5 2. d4 cxd4 3. c3 dxc3 4. Nxc3 e6 5. Bc4 a6 6. Nf3 Nc6 7. O-O Nge7 8.
Qe2 Ng6 9. Rd1 Be7 10. Be3 O-O 11. Rac1 Qe8 12. a3 b5 13. Ba2 Bb7 14. b4 Rc8
15. Qd2 Nce5 16. Nxe5 Nxe5 17. f3 f6 18. Bf4 Qh5 19. Bxe5 Qxe5 20. Qxd7 Rc7 21.
Qxe6+ Qxe6 22. Bxe6+ Kh8 1/2-1/2

[Event "Guernsey Holiday"]
[Site "Guernsey"]
[Date "2009.10.23"]
[Round "6"]
[White "Van Rossum, Pia"]
[Black "Van Hoek, Wim"]
[Result "0-1"]
[WhiteElo "1661"]
[BlackElo "1743"]
[PlyCount "38"]
[EventDate "2009.10.18"]
[SourceDate "2009.11.17"]

1. Nf3 e6 2. d4 f5 3. e4 fxe4 4. Ne5 Nf6 5. Bg5 d6 6. Nc4 Be7 7. Nbd2 d5 8. Ne5
O-O 9. f4 Nbd7 10. Bb5 Nxe5 11. fxe5 Nd7 12. h4 Bxg5 13. hxg5 Qxg5 14. Nf1 Qxg2
15. Rh2 Rxf1+ 16. Bxf1 Qxh2 17. Qg4 Nxe5 18. dxe5 Qxe5 19. O-O-O Bd7 0-1

[Event "Guernsey Holiday"]
[Site "Guernsey"]
[Date "2009.10.23"]
[Round "6"]
[White "Foster, Paul"]
[Black "Jongerius, Marc"]
[Result "1/2-1/2"]
[WhiteElo "1738"]
[BlackElo "1633"]
[PlyCount "46"]
[EventDate "2009.10.18"]
[SourceDate "2009.11.17"]

1. e4 e5 2. Nf3 Nc6 3. Bc4 Bc5 4. c3 Nf6 5. d3 h6 6. b4 Bb6 7. a4 a6 8. a5 Ba7
9. O-O O-O 10. Be3 d6 11. h3 Be6 12. Bxa7 Bxc4 13. Be3 Be6 14. Nbd2 Qd7 15. Nh2
Nh7 16. f4 f5 17. Qh5 Rf6 18. Rf3 Qf7 19. Qxf7+ Rxf7 20. g4 fxg4 21. hxg4 exf4
22. Rxf4 Raf8 23. Rxf7 Rxf7 1/2-1/2

[Event "Guernsey Holiday"]
[Site "Guernsey"]
[Date "2009.10.23"]
[Round "6"]
[White "Haddock, Paul"]
[Black "Timmerman, Peter"]
[Result "1-0"]
[WhiteElo "1522"]
[BlackElo "1562"]
[PlyCount "87"]
[EventDate "2009.10.18"]
[SourceDate "2009.11.17"]

1. e4 e5 2. Nf3 Nc6 3. Bc4 Bc5 4. c3 Nf6 5. Qe2 d6 6. O-O Bg4 7. b4 Bb6 8. a4
a5 9. b5 Ne7 10. d3 Ng6 11. Be3 d5 12. Bxd5 Nxd5 13. exd5 Qxd5 14. Nbd2 O-O 15.
Bxb6 cxb6 16. Qe4 Be6 17. Qxd5 Bxd5 18. Rfe1 f6 19. c4 Bxf3 20. Nxf3 Rad8 21.
Rad1 Nf4 22. d4 exd4 23. Nxd4 Kf7 24. g3 Nh3+ 25. Kg2 Ng5 26. f4 Ne6 27. Rxe6
Rxd4 28. Rxf6+ gxf6 29. Rxd4 Ke6 30. Kf3 Rc8 31. g4 Rc5 32. h4 h5 33. f5+ Ke7
34. Kf4 hxg4 35. Kxg4 Rc7 36. Kh5 Kf7 37. Kh6 Re7 38. Rd6 Re4 39. h5 Rxc4 40.
Rd7+ Ke8 41. Rxb7 Rxa4 42. Kg7 Rh4 43. h6 Rg4+ 44. Kxf6 1-0

[Event "Guernsey Holiday"]
[Site "Guernsey"]
[Date "2009.10.23"]
[Round "6"]
[White "Spierings, John"]
[Black "Savage, Neil"]
[Result "1-0"]
[WhiteElo "1822"]
[BlackElo "1335"]
[PlyCount "33"]
[EventDate "2009.10.18"]
[SourceDate "2009.11.17"]

1. e4 c5 2. a3 Nc6 3. b4 cxb4 4. axb4 Nxb4 5. d4 d5 6. c3 Nc6 7. exd5 Qxd5 8.
Na3 Nf6 9. Nb5 Qd8 10. d5 Nb8 11. Bf4 Qd7 12. Nc7+ Kd8 13. Nxa8 Na6 14. Bxa6
bxa6 15. Bc7+ Ke8 16. Ba5 Nxd5 17. Qxd5 1-0

[Event "Guernsey Holiday"]
[Site "Guernsey"]
[Date "2009.10.23"]
[Round "6"]
[White "Finch, Russell"]
[Black "Kok, Franciscus"]
[Result "1-0"]
[WhiteElo "1485"]
[BlackElo "1603"]
[PlyCount "87"]
[EventDate "2009.10.18"]
[SourceDate "2009.11.17"]

1. d4 Nf6 2. Nf3 h6 3. e3 e6 4. Bd3 c5 5. c3 d5 6. Nbd2 c4 7. Bc2 Bd6 8. O-O
Qc7 9. Qe2 O-O 10. e4 Bf4 11. e5 Nfd7 12. g3 Bxd2 13. Bxd2 Nc6 14. Nh4 f6 15.
Bxh6 fxe5 16. Bxg7 Rf7 17. Bxe5 Ndxe5 18. dxe5 Nxe5 19. Rae1 Nc6 20. Qh5 b5 21.
Qg6+ Kf8 22. Qh6+ Ke7 23. Nf5+ Ke8 24. Qg6 Kf8 25. Qh6+ Ke8 26. Nh4 Kd8 27.
Qg5+ Kd7 28. Qg6 Kd8 29. Qg8+ Ke7 30. Bg6 Nd8 31. Bxf7 Nxf7 32. Qg7 a5 33. Ng6+
Kd6 34. Qf8+ Kc6 35. Qxf7 Qxf7 36. Ne5+ Kb6 37. Nxf7 b4 38. Re3 Ra7 39. Ne5
bxc3 40. bxc3 Kc5 41. Rd1 Rb7 42. Re2 a4 43. h4 a3 44. h5 1-0

[Event "Guernsey Holiday"]
[Site "Guernsey"]
[Date "2009.10.23"]
[Round "6"]
[White "Welch, Hazel"]
[Black "Kirk, Matthew"]
[Result "0-1"]
[WhiteElo "1594"]
[BlackElo "1541"]
[PlyCount "122"]
[EventDate "2009.10.18"]
[SourceDate "2009.11.17"]

1. d4 d5 2. Nf3 Nf6 3. c4 c6 4. g3 e6 5. Bg2 Be7 6. O-O O-O 7. Nc3 Nbd7 8. Bg5
h6 9. Bxf6 Nxf6 10. e3 b6 11. Rc1 Ba6 12. Ne5 Rc8 13. Qa4 Bxc4 14. Nxc4 b5 15.
Qc2 bxc4 16. a3 c5 17. Nb5 a6 18. Nc3 cxd4 19. exd4 Qb6 20. Rfd1 Rb8 21. Rb1
Qb3 22. Qe2 Rb7 23. Rdc1 Rfb8 24. Nd1 Qb6 25. Qd2 Qa7 26. Rc3 Rb3 27. Rxb3 Rxb3
28. Nc3 Qb7 29. Na4 Bxa3 30. Qa5 Be7 31. Nc5 Bxc5 32. dxc5 Rb5 33. Qd8+ Kh7 34.
Qd6 Qd7 35. Qxa6 Rxc5 36. Qa3 Rb5 37. Qc3 Rb3 38. Qc2+ Kg8 39. Ra1 g6 40. Ra8+
Kg7 41. Ra1 Qb5 42. Rb1 c3 43. Bf1 Qb6 44. Bd3 Rxb2 45. Rxb2 Qxb2 46. Qa4 Qd2
47. Bc2 d4 48. Qb3 d3 49. Bb1 c2 50. Kg2 c1=R 51. Bxd3 Rc3 52. Qb4 Qxd3 53. Qf4
Qe4+ 54. Qxe4 Nxe4 55. f3 Ng5 56. f4 Rc2+ 57. Kf1 Ne4 58. Kg1 Kf6 59. g4 e5 60.
fxe5+ Kxe5 61. h4 Kf4 0-1

[Event "Guernsey Holiday"]
[Site "Guernsey"]
[Date "2009.10.23"]
[Round "6"]
[White "Kaye, Michael J"]
[Black "Kearsley, Raymond J"]
[Result "0-1"]
[WhiteElo "1522"]
[BlackElo "1762"]
[PlyCount "82"]
[EventDate "2009.10.18"]
[SourceDate "2009.11.17"]

1. d4 Nf6 2. Nf3 g6 3. c3 Bg7 4. Nbd2 O-O 5. e3 d6 6. Bc4 Nbd7 7. Nf1 c5 8. Ng3
d5 9. Bd3 b6 10. b3 Bb7 11. Bb2 Rc8 12. O-O Ne4 13. h3 Ndf6 14. Rc1 Qd6 15. Nh1
h5 16. Be2 Rc7 17. Rc2 Rfc8 18. Qe1 Nd7 19. Nh4 cxd4 20. Bd3 dxc3 21. Ba1 Qb4
22. f4 d4 23. Nf3 Ndc5 24. Bc4 d3 25. a3 Qxa3 26. Rxc3 Nxc3 27. Bxc3 Ne4 28.
Bxg7 Kxg7 29. Bxd3 Rc1 30. Qh4 Rxf1+ 31. Bxf1 Qxb3 32. Qxe7 Qxe3+ 33. Kh2 Qxf4+
34. Kg1 Rc7 35. Qa3 a5 36. Qd3 Rc1 37. Qd4+ Kh7 38. Nd2 Qxd2 39. Qxd2 Nxd2 40.
Ng3 Nxf1 41. Nxf1 Ba6 0-1

[Event "Guernsey Holiday"]
[Site "Guernsey"]
[Date "2009.10.23"]
[Round "6"]
[White "Spicer, Jonathan"]
[Black "Roberts, Malcolm A"]
[Result "0-1"]
[WhiteElo "1526"]
[BlackElo "1754"]
[PlyCount "130"]
[EventDate "2009.10.18"]
[SourceDate "2009.11.17"]

1. e4 e6 2. d4 d5 3. e5 c5 4. c3 Nc6 5. Nf3 Bd7 6. a3 cxd4 7. cxd4 Nge7 8. b4
a6 9. Nbd2 Nf5 10. Nb3 b6 11. Bb2 Be7 12. Bd3 O-O 13. O-O Re8 14. Rc1 Bf8 15.
Re1 Nce7 16. g4 Nh6 17. Ng5 Ng6 18. f4 Be7 19. Nh3 Ba4 20. g5 Nf5 21. Bxf5 exf5
22. Re3 Qd7 23. Rec3 Rec8 24. Rxc8+ Rxc8 25. Rxc8+ Qxc8 26. Qd3 Bb5 27. Qc3
Qxc3 28. Bxc3 Kf8 29. Kf2 Ke8 30. Ke3 Kd7 31. Nf2 Ke6 32. Nd1 f6 33. gxf6 gxf6
34. exf6 Bxf6 35. Nb2 Bg7 36. Bd2 Bh6 37. Kf3 Bf8 38. Ke3 Bd6 39. Kf3 Ne7 40.
Bc3 Nc8 41. a4 Bc4 42. Nxc4 dxc4 43. Nd2 b5 44. axb5 axb5 45. Nf1 Ne7 46. Ne3
Nd5 47. Nxd5 Kxd5 48. Ke3 h5 49. h3 Be7 50. Kf3 Bh4 51. Ke3 Bf6 52. Bb2 Bh4 53.
Bc3 Bg3 54. Bd2 Bh2 55. Kf2 h4 56. Kf3 Kxd4 57. Be1 Bg3 58. Bxg3 hxg3 59. Kxg3
c3 60. Kh4 c2 61. Kg5 Ke4 62. h4 c1=Q 63. h5 Qxf4+ 64. Kg6 Qg4+ 65. Kh6 Ke5 0-1

[Event "Guernsey Holiday"]
[Site "Guernsey"]
[Date "2009.10.23"]
[Round "6"]
[White "Forbes, Garry"]
[Black "Newrick, William R"]
[Result "1-0"]
[WhiteElo "1691"]
[BlackElo "1347"]
[PlyCount "76"]
[EventDate "2009.10.18"]
[SourceDate "2009.11.17"]

1. d4 d5 2. Nf3 Nf6 3. e3 e6 4. Bd3 c5 5. b3 cxd4 6. exd4 Bd6 7. O-O O-O 8. Bb2
Nc6 9. Ne5 Nd7 10. Nxc6 bxc6 11. Qh5 Nf6 12. Qe2 Qc7 13. g3 Bb7 14. Nd2 Be7 15.
Rfe1 c5 16. Qf1 a6 17. Qh3 Bc8 18. dxc5 g6 19. Bd4 Re8 20. Qf1 Kg7 21. b4 Bd8
22. a3 e5 23. Bb2 Kf8 24. Nb3 e4 25. Be2 Bg4 26. Bxg4 Nxg4 27. h3 Ne5 28. Kg2
Qd7 29. Nd2 Qf5 30. Bd4 Nf3 31. Nxf3 Qxf3+ 32. Kh2 Bf6 33. Bxf6 Qxf6 34. Qe2 d4
35. Rad1 Rad8 36. Kg2 Qe6 37. Kh2 Qf6 38. Kg1 d3 {
Remaining moves missing/unreadable, 1-0, 55.} 1-0

[Event "Guernsey Holiday"]
[Site "Guernsey"]
[Date "2009.10.23"]
[Round "6"]
[White "Le Maitre, Richard"]
[Black "Bakkes, Frits"]
[Result "1-0"]
[WhiteElo "1219"]
[BlackElo "1548"]
[PlyCount "97"]
[EventDate "2009.10.18"]
[SourceDate "2009.11.17"]

1. Nf3 c5 2. g3 d5 3. Bg2 Nf6 4. d3 Nc6 5. O-O e5 6. c3 Be7 7. Na3 O-O 8. Nc2
h6 9. a3 a5 10. Rb1 Bf5 11. Ne3 Bh7 12. Nc2 b5 13. b4 e4 14. dxe4 Nxe4 15. Bd2
axb4 16. cxb4 cxb4 17. axb4 Ra2 18. Rc1 Nxd2 19. Nxd2 Bxc2 20. Rxc2 Rxc2 21.
Qxc2 Nxb4 22. Qb3 Qd6 23. Rd1 Qc5 24. e4 d4 25. e5 Qxe5 26. Nf3 Qf6 27. Nxd4
Rd8 28. Nxb5 Rb8 29. Qc4 Qb6 30. Nc3 Qf6 31. Ne4 Qf5 32. Qc7 Re8 33. Nd6 Bxd6
34. Qxd6 Qc2 35. Bf3 Qb3 36. Qd7 Re6 37. Bg4 Rf6 38. Qe8+ Kh7 39. Qe4+ g6 40.
Qe5 Rxf2 41. Kxf2 Nd3+ 42. Rxd3 Qxd3 43. Be2 Qf5+ 44. Qxf5 gxf5 45. Bd3 Kg6 46.
g4 Kg5 47. Bxf5 h5 48. h3 Kh4 49. Kg2 1-0

[Event "Guernsey Holiday"]
[Site "Guernsey"]
[Date "2009.10.23"]
[Round "6"]
[White "Collins, Alan"]
[Black "Bateman, Kerry"]
[Result "1/2-1/2"]
[WhiteElo "1690"]
[BlackElo "1400"]
[PlyCount "88"]
[EventDate "2009.10.18"]
[SourceDate "2009.11.17"]

1. d4 Nf6 2. Nf3 c5 3. d5 d6 4. c4 g6 5. Nc3 Bg7 6. e4 O-O 7. Bd3 Bg4 8. h3
Bxf3 9. Qxf3 Nbd7 10. Qe2 a6 11. O-O e6 12. Bf4 Nb6 13. Rac1 Re8 14. Qc2 exd5
15. exd5 Nh5 16. Bh2 Re5 17. Ne4 f5 18. Nxc5 dxc5 19. Bxe5 Bxe5 20. Rce1 Qf6
21. Re3 Nd7 22. b3 Rf8 23. Be2 f4 24. Rd3 Ng7 25. Bg4 Nf5 26. Bxf5 Qxf5 27. Rd2
Qg5 28. f3 Bd4+ 29. Kh1 Re8 30. Re2 Re3 31. Rxe3 Bxe3 32. Qe4 Qe5 33. Qc2 Nf6
34. a3 Kf7 35. Rb1 Bd4 36. b4 b6 37. bxc5 Bxc5 38. a4 a5 39. Qb3 Ke7 40. Rd1
Kd6 41. Qb5 Qe8 42. Qb1 Bb4 43. Qc2 Qe3 44. Qb2 Qc3 1/2-1/2

[Event "Guernsey Holiday"]
[Site "Guernsey"]
[Date "2009.10.23"]
[Round "6"]
[White "Cox, Reginald E"]
[Black "Nalichowski, Bogdan"]
[Result "0-1"]
[WhiteElo "1402"]
[BlackElo "1615"]
[PlyCount "82"]
[EventDate "2009.10.18"]
[SourceDate "2009.11.17"]

1. e4 e5 2. Nf3 Nc6 3. Bb5 Nd4 4. Nxd4 exd4 5. O-O Bc5 6. d3 c6 7. Bc4 Ne7 8.
a3 Qc7 9. Qf3 O-O 10. Bf4 Qd8 11. b4 Bb6 12. Nd2 Bc7 13. Bxc7 Qxc7 14. Nb3 b5
15. Bxb5 cxb5 16. Nxd4 a6 17. Rac1 Qc3 18. e5 Rb8 19. Nb3 Qxe5 20. Rfe1 Qd6 21.
Nc5 Ng6 22. Re4 Qc7 23. Rce1 d6 24. Qg3 Qb6 25. Nb3 Qc7 26. Nc5 Qb6 27. Nb3 Bb7
28. Rd4 Rbd8 29. c3 Ba8 30. c4 bxc4 31. dxc4 h6 32. Red1 Ne5 33. c5 dxc5 34.
bxc5 Rxd4 35. Rxd4 Qb8 36. Rb4 Qd8 37. Rd4 Qe7 38. h3 f6 39. Qc3 Qe8 40. Qa5
Nc6 41. Qxa6 Nxd4 0-1

[Event "Guernsey Holiday"]
[Site "Guernsey"]
[Date "2009.10.23"]
[Round "6"]
[White "Cox, Marian"]
[Black "Carrick, Peter"]
[Result "0-1"]
[WhiteElo "1434"]
[BlackElo "1522"]
[PlyCount "80"]
[EventDate "2009.10.18"]
[SourceDate "2009.11.17"]

1. e4 d5 2. exd5 Qxd5 3. Nc3 Qa5 4. d4 c6 5. Nf3 Nf6 6. Be2 Bf5 7. Bd2 Qc7 8.
Qc1 e6 9. Bf4 Bd6 10. Ne5 Nd5 11. Nxd5 exd5 12. Qd2 O-O 13. O-O Nd7 14. Nd3
Rfe8 15. Bxd6 Qxd6 16. Rfe1 Re7 17. c3 Rae8 18. Rad1 Qg6 19. Nf4 Qd6 20. g3 Nf6
21. f3 Qd7 22. Kf2 h6 23. Nd3 Qc7 24. Ne5 Nh7 25. Bd3 Bxd3 26. Nxd3 Nf6 27.
Rxe7 Rxe7 28. Re1 Qd7 29. Ne5 Qf5 30. Kg2 Kf8 31. g4 Qe6 32. Ng6+ fxg6 33. Rxe6
Rxe6 34. Kf2 Re4 35. h3 Re7 {(=)} 36. Qf4 a6 37. h4 Kg8 38. Qd6 Rf7 39. g5 Ne4+
40. Ke3 Nxd6 0-1